000 00965nam a22001937a 4500
999 _c62412
_d62412
003 Ge_BSU
005 20241023170240.0
008 241023s1985 ge ||||| |||| 00| 0 geo d
041 _ageo
080 _a615.825.1(075.8) თ-44
100 _aთელია, ზ.
_923510
245 _aსამკურნალო ფიზიკური კულტურა :
_b[სახელმძღვ. ფიზ. კულტურის ინ-ტის სტუდენტებისათვის] /
_c ზ. თელია.
264 _aთბ. :
_b განათლება,
_c1985.
300 _a343 გვ. :
_bილ. ;
_c 22 სმ.
653 _aსამკურნალო ფიზკულტურა
700 _aომანიძე, მ.
_eრედაქტორი
_923413
856 _uhttps://dspace.nplg.gov.ge/bitstream/1234/490524/1/Samkurnalo_Fizikuri_Kultura_1985.pdf
_yელ. ვერსია
942 _2udc
_cᲬᲘᲒᲜᲘ